00332nam a22001097a 4500040000900000082001700009100001700026245009700043260003700140300001200177650003300189 cNUST a891.4393,IBN aIbn e Insha  aIbn e Battuta K Taqub Mein / ابن بطوطہ کے تعاقب میں (Urdu) /cIbn e Insha  aLahorebLahore Acadmyc1974,2011 a288 p.; aUrdu LiteraturexSafar namah